Nieuznawane Państwa. - Statystyki

Ogólne statystyki
  • Ten quiz został rozwiązany 142 razy
    37 od ostatniego zresetowania
  • Średni wynik to 5 z 7
Statystyki odpowiedzi
Obrazkowy Odpowiedź % Poprawnych
Palestyna
83%
Naddniestrze
80%
Cypr Północny
77%
Sahara Zachodnia
67%
Abchazja
60%
Somaliland
53%
Osetia Południowa
50%
Nie znaleziono quizów pasujących do podanych kryteriów
Rozkład punktacji
Procent ludzi z każdym wynikiem
Percentyl według liczby udzielonych odpowiedzi
Twoja historia wyników
Nie rozwiązałeś tego quizu od ostatniego zresetowania